[Event "Central Serbia 2015 Cup"]
[Site "Vrnjacka Banja"]
[Date "2015.05.01"]
[Round "5.4"]
[White "Nikolic, Boban"]
[Black "Markovic, Dragan P"]
[Result "1-0"]
[WhiteElo "2216"]
[BlackElo "2211"]
[PlyCount "131"]
[EventDate "2015.03.22"]

1. Nf3 d5 2. g3 c6 3. c4 Nf6 4. Bg2 Bg4 5. Ne5 e6 6. cxd5 exd5 7. Nxg4 Nxg4 8.
e4 Nf6 9. exd5 Nxd5 10. Nc3 Nb6 11. O-O Be7 12. d4 O-O 13. a4 Qd7 14. a5 Nd5
15. Qb3 Rd8 16. Re1 Bf8 17. Nxd5 cxd5 18. Re5 Nc6 19. Rxd5 Nxd4 20. Qd1 Qxd5
21. Bxd5 Rxd5 22. Be3 Rad8 23. Qa4 a6 24. Kg2 Nc6 25. Bb6 R8d7 26. Re1 Be7 27.
Re2 h6 28. h4 Kh7 29. Rc2 Bd8 30. Rxc6 bxc6 31. Qxc6 R7d6 32. Qc2+ g6 33. Qc4
Bf6 34. b4 Bd4 35. Bxd4 Rxd4 36. Qxf7+ Kh8 37. b5 axb5 38. Qf8+ Kh7 39. Qe7+
Kg8 40. Qe8+ Kh7 41. Qxb5 Rd7 42. h5 Rg7 43. a6 Rdd7 44. hxg6+ Kxg6 45. Qb1+
Kf7 46. Qb8 Kg6 47. Qb1+ Kf7 48. Qb6 Kg8 49. Qxh6 Rde7 50. Qd6 Rd7 51. Qe6+ Kh7
52. g4 Ra7 53. Kg3 Rg6 54. Qf5 Raxa6 55. f4 Ra3+ 56. Kh4 Ra1 57. Qf7+ Rg7 58.
Qh5+ Kg8 59. Qd5+ Kh8 60. g5 Rh7+ 61. Kg4 Rha7 62. Qe5+ Kg8 63. Qe6+ Kg7 64.
Qf6+ Kg8 65. Kh5 Rh1+ 66. Kg6 1-0

[Event "Central Serbia 2015 Cup"]
[Site "Vrnjacka Banja"]
[Date "2015.05.01"]
[Round "5.4"]
[White "Milovanovic, Nenad"]
[Black "Pejcic, Milutin"]
[Result "0-1"]
[WhiteElo "2164"]
[BlackElo "2167"]
[PlyCount "106"]
[EventDate "2015.03.22"]

1. e4 c5 2. Nf3 e6 3. d3 Nc6 4. g3 g6 5. Bg2 Bg7 6. O-O Nge7 7. Nbd2 O-O 8. Re1
d5 9. c3 b6 10. Qc2 Ba6 11. Nf1 dxe4 12. dxe4 Qd3 13. Qxd3 Bxd3 14. Bf4 Rad8
15. h4 h6 16. Rad1 Bc4 17. a3 Bb3 18. Rxd8 Rxd8 19. N1d2 Ba4 20. b3 Bb5 21. c4
Ba6 22. e5 Na5 23. Bf1 Bb7 24. b4 cxb4 25. axb4 Nac6 26. Rb1 Nf5 27. Bg2 Ba8
28. Nf1 Bf8 29. Bd2 Bg7 30. Bc3 Ncd4 31. Bxd4 Bxf3 32. Bc3 Rd3 33. Rc1 Bf8 34.
Bxf3 Rxf3 35. Nd2 Rd3 36. Ne4 Be7 37. Ra1 Rd7 38. Kf1 Rc7 39. Nd2 g5 40. hxg5
Bxg5 41. Ke2 Bxd2 42. Kxd2 h5 43. Kd3 Kg7 44. Be1 Rd7+ 45. Kc3 Nd4 46. c5 b5
47. f4 Nc6 48. Bf2 Kg6 49. Rh1 Ne7 50. Ra1 Kf5 51. Rh1 Kg4 52. Rh4+ Kf3 53. Be1
Ke2 0-1

[Event "Central Serbia 2015 Cup"]
[Site "Vrnjacka Banja"]
[Date "2015.05.02"]
[Round "6.5"]
[White "Djokic, Nebojsa"]
[Black "Garic, Radomir"]
[Result "0-1"]
[WhiteElo "2190"]
[BlackElo "2256"]
[PlyCount "78"]
[EventDate "2015.03.22"]

1. e4 Nc6 2. Nf3 d5 3. exd5 Qxd5 4. Nc3 Qa5 5. Bb5 Bg4 6. h3 Bh5 7. g4 Bg6 8.
Ne5 O-O-O 9. Nc4 Qb4 10. a3 Qc5 11. b4 Qd4 12. Bb2 Qf6 13. Ne2 e5 14. d3 h5 15.
g5 Qe6 16. Ba4 e4 17. Bb3 Qf5 18. d4 h4 19. d5 Qxg5 20. Rg1 Qf5 21. Qd2 Nf6 22.
Ne3 Ne5 23. Nd4 Nf3+ 24. Nxf3 Qxf3 25. c4 Bh5 26. Bd1 Qxh3 27. Bxf6 gxf6 28.
Bxh5 Rxh5 29. Qd4 Qh2 30. Ke2 Qe5 31. Rad1 Qxd4 32. Rxd4 f5 33. Rh1 f4 34. Nf1
f3+ 35. Ke1 f5 36. Ng3 hxg3 37. Rxh5 g2 38. Rg5 Be7 39. Rg6 Rh8 0-1

[Event "Central Serbia 2015 Cup"]
[Site "Vrnjacka Banja"]
[Date "2015.05.02"]
[Round "6.5"]
[White "Klcesko, Nebojsa"]
[Black "Djukic, Slobodan D"]
[Result "1/2-1/2"]
[WhiteElo "2000"]
[BlackElo "2130"]
[PlyCount "67"]
[EventDate "2015.03.22"]

1. e4 c5 2. Nf3 Nc6 3. d4 cxd4 4. Nxd4 g6 5. Be3 Bg7 6. Nc3 Nf6 7. Be2 O-O 8.
Qd2 d5 9. exd5 Nxd5 10. Nxd5 Qxd5 11. Bf3 Qc4 12. Be2 Qb4 13. c3 Qa5 14. Nxc6
bxc6 15. O-O Rd8 16. Qc1 Bf5 17. Bf3 Qc7 18. Rd1 Bd3 19. Bd4 e5 20. Rxd3 exd4
21. cxd4 Bxd4 22. Qc2 Be5 23. Rxd8+ Rxd8 24. g3 Qa5 25. Qxc6 Bxb2 26. Rb1 Qxa2
27. Qc2 Qa3 28. Kg2 Bd4 29. Rb7 Bb6 30. Qc4 Rf8 31. Bd5 Qc5 32. Bxf7+ Kh8 33.
Qxc5 Bxc5 34. f4 1/2-1/2

[Event "Central Serbia 2015 Cup"]
[Site "Vrnjacka Banja"]
[Date "2015.05.02"]
[Round "6.5"]
[White "Madjar, Stanislav"]
[Black "Klcesko, Aleksandar"]
[Result "1-0"]
[WhiteElo "2181"]
[BlackElo "1717"]
[PlyCount "35"]
[EventDate "2015.03.22"]

1. c4 c6 2. Nf3 d5 3. g3 Nf6 4. Bg2 Bf5 5. cxd5 cxd5 6. Qb3 Bc8 7. Nc3 e6 8.
O-O Nc6 9. d3 Be7 10. Bf4 a6 11. Rfd1 Na5 12. Qc2 Qb6 13. Na4 Qc6 14. Qxc6+
Nxc6 15. Nb6 Ra7 16. Nxc8 Ra8 17. Nxe7 Kxe7 18. Rac1 1-0

[Event "Central Serbia 2015 Cup"]
[Site "Vrnjacka Banja"]
[Date "2015.05.02"]
[Round "6.5"]
[White "Brankovan, Mario"]
[Black "Ilic, Aleksandar"]
[Result "1/2-1/2"]
[WhiteElo "1881"]
[BlackElo "2145"]
[PlyCount "78"]
[EventDate "2015.03.22"]

1. d4 Nf6 2. Nf3 e6 3. e3 b6 4. Bd3 Bb7 5. Nbd2 d5 6. O-O Bd6 7. b3 O-O 8. Bb2
Ne4 9. Rc1 Nd7 10. c4 f5 11. Qc2 Rf6 12. c5 bxc5 13. dxc5 Ndxc5 14. Bxf6 Qxf6
15. b4 Nxd3 16. Qxd3 a5 17. Qb5 Nxd2 18. Nxd2 Qh4 19. f4 Rb8 20. Nf3 Qe7 21.
Qxa5 Ra8 22. Qb5 c6 23. Rxc6 Bxc6 24. Qxc6 Rxa2 25. Qc8+ Kf7 26. Ng5+ Kg6 27.
Rf3 Ra1+ 28. Kf2 Ra2+ 29. Kg1 Ra1+ 30. Kf2 Bxb4 31. Nxe6 Be1+ 32. Ke2 Qb4 33.
Nf8+ Kf7 34. Qxf5+ Kg8 35. Qxh7+ Kxf8 36. Qh8+ Kf7 37. Qh5+ Kf8 38. Qh8+ Kf7
39. Qh5+ Kf8 1/2-1/2

[Event "Central Serbia 2015 Cup"]
[Site "Vrnjacka Banja"]
[Date "2015.05.02"]
[Round "6.6"]
[White "Cabarkapa, Mijomir"]
[Black "Mladenovic, Stefan"]
[Result "1/2-1/2"]
[WhiteElo "2187"]
[BlackElo "2319"]
[PlyCount "58"]
[EventDate "2015.03.22"]

1. Nf3 Nf6 2. g3 b5 3. Bg2 Bb7 4. b3 e6 5. Bb2 Be7 6. O-O O-O 7. d3 d6 8. Nbd2
Nbd7 9. c4 bxc4 10. Nxc4 a5 11. Qd2 c5 12. Rab1 d5 13. Nfe5 Qc7 14. Nxd7 Nxd7
15. Ne3 a4 16. Rfc1 axb3 17. axb3 Qb6 18. Qd1 Ra5 19. Bc3 Rb5 20. d4 Rb8 21.
Nf1 Ba8 22. dxc5 Bxc5 23. e3 Rxb3 24. Nd2 Rxb1 25. Rxb1 Qc7 26. Rxb8+ Nxb8 27.
Bxg7 Kxg7 28. Qa1+ Kg8 29. Qxa8 Qa7 1/2-1/2

[Event "Central Serbia 2015 Cup"]
[Site "Vrnjacka Banja"]
[Date "2015.05.02"]
[Round "6.6"]
[White "Todorovic, Nenad I"]
[Black "Dragasevic, Dragan"]
[Result "1-0"]
[WhiteElo "2190"]
[BlackElo "2156"]
[PlyCount "35"]
[EventDate "2015.03.22"]

1. e4 d6 2. d4 Nf6 3. Nc3 g6 4. Nf3 Bg4 5. Be3 Bg7 6. h3 Bxf3 7. Qxf3 c6 8.
O-O-O Qc7 9. g4 h5 10. Be2 Nbd7 11. Kb1 e5 12. dxe5 dxe5 13. Bc4 O-O 14. gxh5
b5 15. Bb3 gxh5 16. Rhg1 Kh8 17. Rg5 Rg8 18. Rxh5+ 1-0

[Event "Central Serbia 2015 Cup"]
[Site "Vrnjacka Banja"]
[Date "2015.05.02"]
[Round "6.6"]
[White "Jocovic, Slobodan"]
[Black "Livaja, Mario"]
[Result "0-1"]
[WhiteElo "2078"]
[BlackElo "2172"]
[PlyCount "92"]
[EventDate "2015.03.22"]

1. d4 Nf6 2. Bg5 c5 3. d5 d6 4. c4 b5 5. Bxf6 exf6 6. cxb5 a6 7. e3 g6 8. Nc3
Bg7 9. Nf3 O-O 10. Be2 f5 11. O-O Qa5 12. Qb3 Nd7 13. Nd2 axb5 14. Bxb5 Rb8 15.
Nc4 Qc7 16. a4 Ne5 17. Nxe5 Bxe5 18. Qc4 Qa5 19. Ra3 h5 20. Rb3 Kg7 21. Rd1 Qd8
22. Bc6 Rxb3 23. Qxb3 f4 24. exf4 Bxf4 25. Ne2 Be5 26. f4 Bf6 27. h3 Qe7 28.
Re1 Qe4 29. Kf2 Bh4+ 30. g3 Bf6 31. Qf3 Qb4 32. g4 hxg4 33. hxg4 Bh4+ 34. Ng3
Qxb2+ 35. Re2 Qd4+ 36. Kg2 Ba6 37. Rc2 Bd3 38. Rd2 c4 39. Bb5 Qc3 40. Rxd3 cxd3
41. Bxd3 Bxg3 42. Kxg3 Re8 43. f5 Qe1+ 44. Kg2 Qd2+ 45. Kg1 Re3 46. f6+ Kg8 0-1

[Event "Central Serbia 2015 Cup"]
[Site "Vrnjacka Banja"]
[Date "2015.05.02"]
[Round "6.6"]
[White "Ostojic, Nikola M"]
[Black "Jovcic, Zoran"]
[Result "1/2-1/2"]
[WhiteElo "2032"]
[BlackElo "2129"]
[PlyCount "55"]
[EventDate "2015.03.22"]

1. d4 Nf6 2. c4 c5 3. d5 b5 4. cxb5 a6 5. bxa6 g6 6. Nc3 d6 7. Nf3 Bg7 8. g3
O-O 9. Bg2 Nxa6 10. O-O Qb6 11. Re1 Re8 12. e4 Bg4 13. h3 Bxf3 14. Bxf3 Nd7 15.
Be2 Reb8 16. a4 Nc7 17. Nb5 Nxb5 18. Bxb5 Qc7 19. Rb1 Ra7 20. Be3 Rab7 21. b3
Qa5 22. Bd2 Qc7 23. Qc2 Bd4 24. Bc3 Bxc3 25. Qxc3 Rd8 26. Rbc1 Qb6 27. Kg2 Nb8
28. Qc4 1/2-1/2

[Event "Central Serbia 2015 Cup"]
[Site "Vrnjacka Banja"]
[Date "2015.05.02"]
[Round "6.7"]
[White "Gajic, Sladjan"]
[Black "Tojagic, Dane"]
[Result "1/2-1/2"]
[WhiteElo "2082"]
[BlackElo "2257"]
[PlyCount "92"]
[EventDate "2015.03.22"]

1. Nf3 Nf6 2. c4 c5 3. d4 cxd4 4. Nxd4 e5 5. Nc2 d5 6. cxd5 Qxd5 7. Qxd5 Nxd5
8. e4 Nb4 9. Ne3 Bc5 10. Na3 N8c6 11. Bc4 O-O 12. O-O Be6 13. Nf5 Rad8 14. Bg5
Bxc4 15. Nxc4 f6 16. Be3 Bxe3 17. Ncxe3 g6 18. Ng3 Nd4 19. a3 Nd3 20. b4 Nf4
21. Kh1 Rc8 22. Rac1 Nd3 23. Ra1 Rc3 24. Nd5 Rc2 25. Kg1 Kg7 26. a4 Rfc8 27. h3
Rb2 28. b5 Rcc2 29. Nh1 g5 30. Ra3 Nf4 31. Ne3 Rc8 32. Ng3 Rd2 33. Ngf5+ Kf8
34. Ng4 Nxf5 35. exf5 Kf7 36. Ne3 h5 37. Kh2 h4 38. Raa1 Rd4 39. Rac1 Rcd8 40.
Rc7+ R4d7 41. Rxd7+ Rxd7 42. Rc1 Nd3 43. Rc2 b6 44. f3 Ke7 45. Rc6 Nf4 46. Rc2
Kd8 1/2-1/2

[Event "Central Serbia 2015 Cup"]
[Site "Vrnjacka Banja"]
[Date "2015.05.02"]
[Round "6.7"]
[White "Markovic, Dragan P"]
[Black "Predolac, Nikola"]
[Result "1/2-1/2"]
[WhiteElo "2211"]
[BlackElo "2050"]
[PlyCount "77"]
[EventDate "2015.03.22"]

1. e4 d5 2. exd5 Qxd5 3. Nc3 Qd6 4. d4 Nf6 5. Nf3 a6 6. Be2 b5 7. a3 Bb7 8. O-O
e6 9. Bg5 Be7 10. Bh4 Nbd7 11. Bg3 Qb6 12. Ne5 Nxe5 13. Bxe5 O-O 14. Bf3 Rfd8
15. Bxb7 Qxb7 16. Qe2 Rd7 17. Rad1 Rad8 18. Rd3 Kf8 19. Rh3 h6 20. Rd3 a5 21.
Rfd1 b4 22. axb4 axb4 23. Na4 Qb5 24. b3 Qd5 25. Bxf6 gxf6 26. Qe3 Qg5 27. f4
Qh5 28. Rf1 Rd5 29. Rf3 Bd6 30. Rf1 Qf5 31. g3 h5 32. h4 Ke7 33. Kh2 Rg8 34.
Rf2 Qg4 35. Qf3 Qf5 36. Nb2 Qg4 37. Qe4 Qf5 38. Qf3 Qg4 39. Qe4 1/2-1/2

[Event "Central Serbia 2015 Cup"]
[Site "Vrnjacka Banja"]
[Date "2015.05.02"]
[Round "6.7"]
[White "Cukanovic, Petar"]
[Black "Milovanovic, Nenad"]
[Result "1/2-1/2"]
[WhiteElo "2061"]
[BlackElo "2164"]
[PlyCount "64"]
[EventDate "2015.03.22"]

1. e4 g6 2. d4 Bg7 3. Nc3 b6 4. Be3 Bb7 5. Qd2 Nf6 6. f3 h5 7. Nh3 d5 8. e5 Nh7
9. Bh6 O-O 10. O-O-O e6 11. g4 hxg4 12. Bxg7 Kxg7 13. fxg4 Ba6 14. g5 Bxf1 15.
Rdxf1 a6 16. Qf4 Nc6 17. Nd1 Ne7 18. Ne3 Nf5 19. Nxf5+ exf5 20. Rhg1 Rh8 21.
Qf3 Nf8 22. Nf4 c6 23. Qg3 Ne6 24. c3 Kf8 25. h4 Ke7 26. Rh1 Nxf4 27. Qxf4 Rh5
28. Re1 Ke6 29. b3 Qe7 30. Kb2 b5 31. Rh2 a5 32. Rc1 a4 1/2-1/2

[Event "Central Serbia 2015 Cup"]
[Site "Vrnjacka Banja"]
[Date "2015.05.02"]
[Round "6.8"]
[White "Dinic, Dragan"]
[Black "Urosevic, Goran"]
[Result "1/2-1/2"]
[WhiteElo "2305"]
[BlackElo "2249"]
[PlyCount "43"]
[EventDate "2015.03.22"]

1. e4 c5 2. Nf3 d6 3. c3 Nf6 4. Bd3 g6 5. Bc2 Bg7 6. O-O O-O 7. h3 e5 8. d4
exd4 9. cxd4 cxd4 10. Nxd4 Nc6 11. Be3 d5 12. Nxc6 bxc6 13. exd5 Nxd5 14. Bd4
Qg5 15. Bxg7 Kxg7 16. Qd4+ Kg8 17. f4 Qh4 18. Nc3 Bxh3 19. Nxd5 cxd5 20. gxh3
Qg3+ 21. Kh1 Qxh3+ 22. Kg1 1/2-1/2

[Event "Central Serbia 2015 Cup"]
[Site "Vrnjacka Banja"]
[Date "2015.05.02"]
[Round "6.8"]
[White "Gajovic, Dragan"]
[Black "Dinic, Vojislav"]
[Result "1-0"]
[WhiteElo "2181"]
[BlackElo "1904"]
[PlyCount "69"]
[EventDate "2015.03.22"]

1. g3 g6 2. Bg2 Bg7 3. c4 f5 4. Nc3 c6 5. e4 d6 6. Nge2 Nf6 7. O-O O-O 8. d4
fxe4 9. Nxe4 Nxe4 10. Bxe4 Bh3 11. Re1 Bg4 12. Qd3 Bxe2 13. Rxe2 Nd7 14. Bg5
Nf6 15. Rae1 Rf7 16. Bg2 Qd7 17. Re6 Bf8 18. Bh3 Kg7 19. Kg2 Qc7 20. R6e2 h6
21. Bd2 Kh7 22. Be6 Rg7 23. Qe3 Ng8 24. g4 Rd8 25. d5 Qb6 26. Qh3 cxd5 27. cxd5
Qb5 28. g5 h5 29. Re4 Qe8 30. Rh4 Rf7 31. Bxf7 Qxf7 32. Qd3 Kh8 33. Re6 Qf5 34.
Qxf5 gxf5 35. Bc3+ 1-0

[Event "Central Serbia 2015 Cup"]
[Site "Vrnjacka Banja"]
[Date "2015.05.02"]
[Round "6.8"]
[White "Milutinovic, Bojan"]
[Black "Drljevic, Ljilja"]
[Result "1-0"]
[WhiteElo "1724"]
[BlackElo "2208"]
[PlyCount "120"]
[EventDate "2015.03.22"]

1. e4 d6 2. d4 g6 3. Nc3 Bg7 4. Be3 a6 5. Qd2 b5 6. f3 Nd7 7. h4 Ngf6 8. Nh3
Nb6 9. Bd3 Bb7 10. Bh6 Bxh6 11. Qxh6 e5 12. dxe5 dxe5 13. O-O-O Qe7 14. Qe3
O-O-O 15. g4 h5 16. g5 Nfd7 17. Rhf1 b4 18. Nd5 Nxd5 19. exd5 Nb6 20. f4 Nxd5
21. Qxe5 Qc5 22. Rfe1 a5 23. f5 Rhe8 24. Qxe8 Rxe8 25. Rxe8+ Kd7 26. Re5 c6 27.
fxg6 fxg6 28. Bxg6 Qd6 29. Bf5+ Kc7 30. Rde1 a4 31. g6 a3 32. g7 axb2+ 33. Kxb2
Nf6 34. Ng5 Qd4+ 35. Kb1 Qxh4 36. Bh7 Qg3 37. g8=Q Nxg8 38. Bxg8 h4 39. Be6 Ba6
40. R1e3 Qg1+ 41. Kb2 Qd1 42. Nf3 Bf1 43. R5e4 Bg2 44. Bg4 h3 45. Nh2 Qd6 46.
Nf3 h2 47. Re7+ Kb6 48. Nxh2 Qxh2 49. Be2 Qh4 50. Re8 Bd5 51. Bd3 Qd4+ 52. Kb1
Qf4 53. Re1 Qf7 54. Rb8+ Kc5 55. Ra8 Qf2 56. Ree8 Kd4 57. Kb2 Qd2 58. Re2 Qc3+
59. Kb1 c5 60. Rd8 b3 1-0

[Event "Central Serbia 2015 Cup"]
[Site "Vrnjacka Banja"]
[Date "2015.05.02"]
[Round "7.1"]
[White "Zajic, Milan"]
[Black "Irizanin, Radoje"]
[Result "1/2-1/2"]
[WhiteElo "2475"]
[BlackElo "2295"]
[PlyCount "94"]
[EventDate "2015.03.22"]

1. e4 c5 2. Nf3 Nc6 3. d4 cxd4 4. Nxd4 g6 5. c4 Nf6 6. Nc3 Nxd4 7. Qxd4 d6 8.
Be2 Bg7 9. Be3 O-O 10. Qd2 Be6 11. Rc1 Qa5 12. f3 Rfc8 13. b3 a6 14. Na4 Qxd2+
15. Kxd2 Nd7 16. g4 f5 17. gxf5 gxf5 18. Rhg1 Kh8 19. Bd3 Rf8 20. Rxg7 Kxg7 21.
Rg1+ Kh8 22. Bd4+ Nf6 23. exf5 Bd7 24. Nb6 Rad8 25. Re1 Bc6 26. Rxe7 Kg8 27.
Re3 Rde8 28. b4 Rxe3 29. Kxe3 Nd7 30. Kf4 Nxb6 31. Bxb6 Kf7 32. Bc7 Rg8 33.
Bxd6 Rg2 34. c5 Bd5 35. Ke5 Rd2 36. Kd4 Bxa2 37. Kc3 Rxd3+ 38. Kxd3 Bb1+ 39.
Kd4 Bxf5 40. Ke5 Bd7 41. f4 Bc6 42. f5 Bb5 43. Kf4 Bc6 44. Kg5 Be4 45. h4 Bd3
46. Be5 Be4 47. h5 Bd3 1/2-1/2

[Event "Central Serbia 2015 Cup"]
[Site "Vrnjacka Banja"]
[Date "2015.05.02"]
[Round "7.1"]
[White "Smolovic, Mile"]
[Black "Radovanovic, Nikola"]
[Result "1/2-1/2"]
[WhiteElo "2317"]
[BlackElo "2399"]
[PlyCount "43"]
[EventDate "2015.03.22"]

1. e4 c5 2. Nf3 d6 3. d4 cxd4 4. Nxd4 Nf6 5. Nc3 a6 6. Be3 e5 7. Nf3 Be7 8. Bc4
O-O 9. O-O Nbd7 10. a4 b6 11. Qe2 Bb7 12. Nd2 Qc7 13. Rfd1 Rfc8 14. f3 Qb8 15.
Bg5 Qc7 16. Kh1 h6 17. Bh4 Nc5 18. Bxf6 Bxf6 19. Nd5 Bxd5 20. Bxd5 Rab8 21. Nc4
Be7 22. Ne3 1/2-1/2

[Event "Central Serbia 2015 Cup"]
[Site "Vrnjacka Banja"]
[Date "2015.05.02"]
[Round "7.1"]
[White "Cvetanovic, Uros"]
[Black "Mirkovic, Stevan"]
[Result "1/2-1/2"]
[WhiteElo "2286"]
[BlackElo "2315"]
[PlyCount "88"]
[EventDate "2015.03.22"]

1. e4 c6 2. d4 d5 3. Nc3 dxe4 4. Nxe4 Nd7 5. Ne2 Ngf6 6. N2g3 Nxe4 7. Nxe4 e6
8. Bg5 Nf6 9. Nxf6+ gxf6 10. Be3 Bd7 11. c3 Rc8 12. Be2 Bd6 13. Qd2 Qc7 14.
O-O-O f5 15. g3 b5 16. Rhe1 Qb7 17. Bd3 Kd8 18. Bg5+ Kc7 19. Bf4 Bxf4 20. Qxf4+
Kb6 21. h3 Qc7 22. Qe3 Kb7 23. g4 fxg4 24. hxg4 h5 25. gxh5 Rxh5 26. Qf3 Rh4
27. Bxb5 Qf4+ 28. Qxf4 Rxf4 29. Bc4 Rxf2 30. Rf1 Rxf1 31. Rxf1 Rf8 32. Kd2 Kc7
33. b4 Kd6 34. Rf2 Ke7 35. Re2 f6 36. a4 Rh8 37. Rg2 Be8 38. Rg7+ Bf7 39. b5
cxb5 40. axb5 Rh5 41. Kc2 Rg5 42. Rh7 Rh5 43. Rg7 Rg5 44. Rh7 Rh5 1/2-1/2

[Event "Central Serbia 2015 Cup"]
[Site "Vrnjacka Banja"]
[Date "2015.05.02"]
[Round "7.1"]
[White "Roljevic, Djordje"]
[Black "Djordjevic, Vuk"]
[Result "0-1"]
[WhiteElo "2115"]
[BlackElo "2177"]
[PlyCount "112"]
[EventDate "2015.03.22"]

1. d4 Nf6 2. Nf3 e6 3. Bf4 d5 4. e3 c5 5. Nbd2 Nc6 6. c3 Bd6 7. Bg3 O-O 8. Bd3
Qe7 9. Ne5 Bxe5 10. dxe5 Nd7 11. f4 f6 12. Nf3 f5 13. b3 a6 14. a4 Rb8 15. O-O
b5 16. axb5 axb5 17. Bh4 Qe8 18. Be2 c4 19. b4 Nb6 20. Nd4 Nxd4 21. exd4 Na4
22. Qd2 Ra8 23. Ra3 Rf7 24. Bh5 g6 25. Be2 Ra6 26. Bf6 Rfa7 27. h4 h5 28. Rf3
Kh7 29. Rg3 Qf7 30. Rg5 Bd7 31. Qc2 Nxc3 32. Rxc3 Ra1+ 33. Kh2 R7a2 34. Qxa2
Rxa2 35. Bxh5 Be8 36. Bxg6+ Qxg6 37. Rxg6 Bxg6 38. Rg3 Kh6 39. Bg5+ Kh7 40. Bf6
Ra8 41. Be7 Bh5 42. Bf6 Bg4 43. Rc3 Ra2 44. Kg1 Kg6 45. Kf1 Kh5 46. g3 Be2+ 47.
Kf2 Kg4 48. Re3 Bd3+ 49. Ke1 Rb2 50. Be7 c3 51. Rxd3 Rb1+ 52. Ke2 c2 53. Rc3
c1=Q 54. Rxc1 Rxc1 55. Bg5 Rc3 56. Be7 Rxg3 0-1

[Event "Central Serbia 2015 Cup"]
[Site "Vrnjacka Banja"]
[Date "2015.05.02"]
[Round "7.2"]
[White "Todorovic, Bojan"]
[Black "Delchev, Aleksander"]
[Result "1/2-1/2"]
[WhiteElo "2363"]
[BlackElo "2607"]
[PlyCount "111"]
[EventDate "2015.03.22"]

1. d4 d5 2. Nf3 Nf6 3. c4 c6 4. cxd5 cxd5 5. Nc3 Nc6 6. Bf4 a6 7. e3 Bg4 8. Be2
e6 9. O-O Be7 10. h3 Bh5 11. Ne5 Bxe2 12. Qxe2 Rc8 13. Rac1 O-O 14. a3 Nxe5 15.
dxe5 Nd7 16. Qg4 Re8 17. Rcd1 Nf8 18. e4 d4 19. Ne2 d3 20. Nc1 Qd4 21. Nxd3
Qxe4 22. Rfe1 Qc4 23. Be3 Qxg4 24. hxg4 Ng6 25. f4 Red8 26. Nf2 Bh4 27. Rxd8+
Rxd8 28. Rc1 Ne7 29. Kf1 Nd5 30. Ke2 g5 31. f5 exf5 32. gxf5 Nxe3 33. Kxe3
Bxf2+ 34. Kxf2 Rd5 35. Rc8+ Kg7 36. Re8 h5 37. Kf3 Rd4 38. g3 h4 39. gxh4 Rxh4
40. f6+ Kg6 41. Re7 b5 42. Ra7 Kf5 43. Rxa6 Rh3+ 44. Kg2 Re3 45. Ra7 Rxe5 46.
Rxf7 Re2+ 47. Kg3 Rxb2 48. Rf8 Rb3+ 49. Kg2 Kg6 50. f7 Kg7 51. Rg8+ Kxf7 52.
Rxg5 Ke6 53. Kf2 Kd6 54. Ke2 Kc6 55. Kd2 Rxa3 56. Kc2 1/2-1/2

[Event "Central Serbia 2015 Cup"]
[Site "Vrnjacka Banja"]
[Date "2015.05.02"]
[Round "7.2"]
[White "Trickovic, Borivoje"]
[Black "Manic, Ljubomir"]
[Result "1-0"]
[WhiteElo "2190"]
[BlackElo "2192"]
[PlyCount "101"]
[EventDate "2015.03.22"]

1. d4 Nf6 2. Bg5 c5 3. d5 d6 4. Nc3 g6 5. e4 Bg7 6. f3 a6 7. a4 Nbd7 8. Qd2 h6
9. Be3 Rb8 10. Ra3 Ne5 11. h3 g5 12. h4 gxh4 13. Rxh4 h5 14. Rh1 Bd7 15. a5 b5
16. axb6 Rxb6 17. b3 Qc8 18. Na4 Rb8 19. Qa5 Bb5 20. Nc3 Bxf1 21. Kxf1 Nfd7 22.
Nge2 Ra8 23. Ng3 h4 24. Nf5 Bf6 25. Kf2 Qd8 26. Ne2 Ng6 27. f4 Qxa5 28. Rxa5
Kd8 29. Kf3 Kc7 30. Bf2 e6 31. Ne3 Nb6 32. Ng4 Bd8 33. c4 exd5 34. exd5 Kd7 35.
Ra2 a5 36. Nc3 Nc8 37. f5 Nf8 38. Ne4 Ne7 39. Ngf6+ Kc7 40. g4 Neg6 41. fxg6
Nxg6 42. g5 Ne5+ 43. Kg2 Ng6 44. Be3 Be7 45. Rh3 Rhb8 46. Bd2 Kc8 47. Ng4 Rb7
48. Rf3 Bf8 49. Be1 Ra6 50. Rxa5 Rxa5 51. Bxa5 1-0

[Event "Central Serbia 2015 Cup"]
[Site "Vrnjacka Banja"]
[Date "2015.05.02"]
[Round "7.2"]
[White "Nikolic, Boban"]
[Black "Mincic, Srbislav"]
[Result "1-0"]
[WhiteElo "2216"]
[BlackElo "2241"]
[PlyCount "77"]
[EventDate "2015.03.22"]

1. c4 e6 2. Nf3 d5 3. g3 Nf6 4. Bg2 Nbd7 5. O-O c6 6. b3 Bd6 7. Nc3 O-O 8. Qc2
Qe7 9. d4 Bb4 10. Bb2 Rd8 11. a3 Bd6 12. Rfe1 dxc4 13. bxc4 e5 14. e3 Re8 15.
Red1 Bc7 16. d5 Nb6 17. Nd2 cxd5 18. cxd5 Bg4 19. Rdc1 Rac8 20. Qb3 Bb8 21. a4
Nfd7 22. a5 Nc5 23. Qb4 Qd7 24. axb6 Nd3 25. Qb3 Nxc1 26. Rxc1 axb6 27. Nc4
Rcd8 28. e4 h5 29. f3 Bh3 30. Nb5 Bxg2 31. Kxg2 f5 32. d6 fxe4 33. Nd2+ Kh8 34.
Nxe4 Qf5 35. h4 Rd7 36. Ng5 e4 37. fxe4 Rxe4 38. Nxe4 Qxe4+ 39. Qf3 1-0

[Event "Central Serbia 2015 Cup"]
[Site "Vrnjacka Banja"]
[Date "2015.05.02"]
[Round "7.2"]
[White "Petrov, Georgi"]
[Black "Mitic, Milan"]
[Result "1/2-1/2"]
[WhiteElo "2174"]
[BlackElo "2113"]
[PlyCount "36"]
[EventDate "2015.03.22"]

1. Nf3 Nf6 2. c4 c5 3. g3 g6 4. b3 Bg7 5. Bb2 Nc6 6. Bg2 d6 7. O-O O-O 8. Nc3
Bg4 9. h3 Bd7 10. e3 Qa5 11. Ne2 b5 12. d3 Rab8 13. Bc3 Qa6 14. Qc1 Rfc8 15.
Rd1 Rc7 16. Nf4 e5 17. Ne2 Qc8 18. Kh2 h5 1/2-1/2

[Event "Central Serbia 2015 Cup"]
[Site "Vrnjacka Banja"]
[Date "2015.05.02"]
[Round "7.3"]
[White "Mrsevic, Miroslav"]
[Black "Milosevic, Aleksandar"]
[Result "1/2-1/2"]
[WhiteElo "2306"]
[BlackElo "2289"]
[PlyCount "80"]
[EventDate "2015.03.22"]

1. e4 c5 2. d3 Nc6 3. g3 d5 4. Nd2 Nf6 5. Ngf3 Bg4 6. h3 Bh5 7. Bg2 e6 8. O-O
Qc7 9. g4 Bg6 10. Nh4 dxe4 11. dxe4 Bd6 12. c3 O-O-O 13. Qa4 Bh2+ 14. Kh1 Bf4
15. Nb3 h5 16. g5 Nd7 17. Nxg6 fxg6 18. Qc4 e5 19. Be3 Na5 20. Qf7 Rhf8 21.
Qxg6 Nc4 22. h4 Bxe3 23. fxe3 Nxe3 24. Rxf8 Nxf8 25. Qxh5 c4 26. Bh3+ Kb8 27.
Qe2 Rd3 28. Rg1 Ng6 29. Nc1 Nf4 30. Qf3 Qb6 31. Nxd3 cxd3 32. h5 a5 33. g6 Nxh3
34. Qxh3 d2 35. h6 d1=Q 36. Rxd1 Nxd1 37. hxg7 Nf2+ 38. Kh2 Nxh3 39. g8=Q+ Ka7
40. Kxh3 Qxb2 1/2-1/2

[Event "Central Serbia 2015 Cup"]
[Site "Vrnjacka Banja"]
[Date "2015.05.02"]
[Round "7.3"]
[White "Popovic, Djordje D"]
[Black "Kahrovic, Mersid"]
[Result "1-0"]
[WhiteElo "2216"]
[BlackElo "2306"]
[PlyCount "47"]
[EventDate "2015.03.22"]

1. d4 Nf6 2. c4 e6 3. Nc3 Bb4 4. e3 Bxc3+ 5. bxc3 Nc6 6. Bd3 b6 7. e4 d6 8. f4
Bb7 9. Nf3 Nd7 10. O-O Na5 11. e5 dxe5 12. fxe5 h6 13. Qe2 Qe7 14. c5 bxc5 15.
Ba3 O-O 16. Nd2 Qh4 17. Ne4 cxd4 18. g3 Qd8 19. cxd4 c5 20. Qh5 Nc4 21. Bxc4
Bxe4 22. Qg4 Bc6 23. Rxf7 Rxf7 24. Qxe6 1-0

[Event "Central Serbia 2015 Cup"]
[Site "Vrnjacka Banja"]
[Date "2015.05.02"]
[Round "7.3"]
[White "Dumic, Marko"]
[Black "Stefanovic, Vladimir"]
[Result "1/2-1/2"]
[WhiteElo "2262"]
[BlackElo "2217"]
[PlyCount "56"]
[EventDate "2015.03.22"]

1. d4 Nf6 2. c4 c5 3. d5 g6 4. Nc3 Bg7 5. e4 d6 6. f4 O-O 7. Nf3 e6 8. Be2 exd5
9. exd5 a6 10. O-O b5 11. cxb5 axb5 12. Bxb5 Bb7 13. Kh1 Qb6 14. Bc4 Qb4 15.
Qd3 Ba6 16. Bxa6 Nxa6 17. Rb1 Qb7 18. a3 Nc7 19. b4 cxb4 20. Rxb4 Qa6 21. Qxa6
Rxa6 22. Rc4 Ncxd5 23. Nxd5 Nxd5 24. h3 Re8 25. f5 gxf5 26. Nh4 f4 27. Bxf4
Nxf4 28. Rcxf4 Rxa3 1/2-1/2